000 00510nam a2200205Ia 4500
003 OSt
005 20220926042427.0
006 a|||||r|||| 00| 0
007 ta
008 220923b |||||||| |||| 00| 0 eng d
037 _cGeneral Book
040 _aRTL
_cRTL
_beng
041 _2eng
_aeng
082 _aV2,12y7L60, E4.1-.2
245 0 _aWELLESLEY PAPERS. 2 V
260 _c1914
650 _aPresident
942 _hV2,12y7L60, E4.1-.2
_cGB
_2CC
999 _c669708
_d669708